Minerals and Waste Management Bulletin (Record no. 118740)

MARC details
000 -LEADER
fixed length control field 00556cas a22001935a 4500
001 - CONTROL NUMBER
control field L112843
008 - FIXED-LENGTH DATA ELEMENTS--GENERAL INFORMATION
fixed length control field 070514d20022003xxkux p a eng u
035 ## - SYSTEM CONTROL NUMBER
System control number (Sirsi) u112843
041 0# - LANGUAGE CODE
Language code of text/sound track or separate title eng
110 2# - MAIN ENTRY--CORPORATE NAME
Corporate name or jurisdiction name as entry element Royal Institution of Chartered Surveyors
Subordinate unit Minerals and Waste Management Faculty
245 ## - TITLE STATEMENT
Title Minerals and Waste Management Bulletin
260 ## - PUBLICATION, DISTRIBUTION, ETC.
Place of publication, distribution, etc. London
Name of publisher, distributor, etc. RICS
Date of publication, distribution, etc. 2002-2003
362 0# - DATES OF PUBLICATION AND/OR SEQUENTIAL DESIGNATION
Dates of publication and/or sequential designation May 2002-March 2003
554 ## -
-- Irregular
651 #4 - SUBJECT ADDED ENTRY--GEOGRAPHIC NAME
Geographic name United Kingdom
Chronological subdivision
690 ## - LOCAL SUBJECT ADDED ENTRY--TOPICAL TERM (OCLC, RLIN)
Topical term or geographic name as entry element MINING AND MINERALS
780 00 - PRECEDING ENTRY
Title Minerals Bulletin
942 ## - ADDED ENTRY ELEMENTS (KOHA)
Suppress in OPAC 0
Holdings
Withdrawn status Lost status Source of classification or shelving scheme Damaged status Not for loan Home library Current library Shelving location Date acquired Total Checkouts Full call number Barcode Date last seen Copy number Price effective from Koha item type
    Dewey Decimal Classification     London London Gallery 30/05/2001   RICSMWM (KEEP ) 112843-1001 06/08/2019 1 06/08/2019 Reference material